MICROBIOLOGY (Record no. 15865)

MARC details
000 -LEADER
fixed length control field 00317nam a22001457a 4500
003 - CONTROL NUMBER IDENTIFIER
control field SGT
020 ## - INTERNATIONAL STANDARD BOOK NUMBER
International Standard Book Number 978-0-07-43230-6
082 ## - DEWEY DECIMAL CLASSIFICATION NUMBER
Classification number 616.01
Item number M17P
100 ## - MAIN ENTRY--PERSONAL NAME
Personal name PELCZAR, MICHAEL
245 ## - TITLE STATEMENT
Title MICROBIOLOGY
260 ## - PUBLICATION, DISTRIBUTION, ETC. (IMPRINT)
Place of publication, distribution, etc INDIA
Name of publisher, distributor, etc MC GRAW HILL
Year of Publication 2017
300 ## - PAGE DESCRIPTION
No. of Pages 918
650 ## - SUBJECT ADDED ENTRY--TOPICAL TERM
Topical term or geographic name as entry element MICROBIOLOGY
942 ## - ADDED ENTRY ELEMENTS (KOHA)
Source of classification or shelving scheme Dewey Decimal Classification
Koha item type Books
942 ## - ADDED ENTRY ELEMENTS (KOHA)
-- 25
Holdings
Withdrawn status Lost status Source of classification or shelving scheme Damaged status Not for loan Collection code Home library Current library Shelving location Date acquired Vendor Name Cost, normal purchase price SGTU Bill Number Total Checkouts Total Renewals Full call number Accession No. (Barcode) Date last seen Date last borrowed Bill Date Koha item type
    Dewey Decimal Classification     MEDICAL SGT Medical Library SGT Medical Library Text Book 30/08/2018 ABC 895.00 SGTU 9842 27 1 616.01 M17P FM10891 19/11/2025 07/11/2025 21/06/2018 Books
    Dewey Decimal Classification     MEDICAL SGT Medical Library SGT Medical Library Text Book 30/08/2018 ABC 895.00 SGTU 9842 41   616.01 M17P FM10892 09/02/2026 04/02/2026 21/06/2018 Books
    Dewey Decimal Classification     MEDICAL SGT Medical Library SGT Medical Library Text Book 30/08/2018 ABC 895.00 SGTU 9842 36 2 616.01 M17P FM10893 22/04/2026 22/04/2026 21/06/2018 Books
    Dewey Decimal Classification     MEDICAL SGT Medical Library SGT Medical Library Text Book 30/08/2018 ABC 895.00 SGTU 9842 31   616.01 M17P FM10894 24/11/2025 11/11/2025 21/06/2018 Books
    Dewey Decimal Classification     MEDICAL SGT Medical Library SGT Medical Library Text Book 30/08/2018 ABC 895.00 SGTU 9842 26 3 616.01 M17P FM10895 20/03/2026 06/03/2026 21/06/2018 Books